000 00763nam a22002051a 4500
003 OSt
005 20231208154843.0
008 091005s1970 001 0 eng d
020 _a9966843302 :
_c0.00
040 _aNEGST Library - Kenya
_cNEGST Library - Kenya
_dNEGST Library - Kenya
050 4 _aBS 325
_bL56 1970
130 _aBible. Lingala. 1970.
_955784
245 0 0 _aBiblia :
_byango Kondimana na Kala, Kondimana na Sika.
260 _aKinshasa :
_bLa Societe Biblique Du Zaire,
_cc1970.
300 _a1156 p., [4] p. of plates :
_bmaps ;
_c21 cm.
500 _a"La Bible en lingala (haut fleuve)"--T.p. verso. [Africana]
650 _aLingala language
_xTexts.
_955773
942 _2lcc
_cAFR(G)
999 _c39725
_d39725